000 01075nam a22002297a 4500
005 20110620110443.0
008 110620t xxu||||| |||| 00| 0 mar d
010 _aMAR-209667
020 _c90.00
035 _aMR-13625
037 _bDBAD/PUB
040 _aDPL
_bMR
082 _a891.467
100 _aमुळावकर,संतोष मोतीराम
_928644
245 _aधुळवंड ( विनोदी कथासंग्रह ) /
_cमहेन्द्र सदाशिव वाकळे
246 _aDhulwand
_bby Santosh Motiram Mulawkar
260 _aपरभणी
_bपवन प्रकाशन
_c2008
270 _a' तारांगण ' बसस्थानक परिसर ,
_bपरभणी
_e431401
300 _a96पृ.
_c21सेमी(अजिल्द)
942 _2ddc
_cMR
_h891.467
_mमुळाव
999 _c53004
_d53004